Estatísticas para Equipes da Fórmula 1

Clique aqui para jogar o quiz

Estatísticas Gerais

  • Esse quiz foi jogado 648 vezes
  • A pontuação média é 9 de 10

Estatísticas das Respostas

PilotosEquipa% Correto
Sebastian Vettel; Charles LeclercFerrari
100%
Lewis Hamilton; Valtteri BottasMercedes
100%
Max Verstappen; Alexander AlbonRed Bull
98%
Lando Norris; Carlos SainzMcLaren
95%
Kevin Magnussen; Romain GrosjeanHaas
90%
George Russel; Nicolas LatifiWilliams
89%
Pierre Gasly; Daniil KvyatAlpha Tauri
85%
Daniel Ricciardo; Esteban OconRenault
85%
Sergio Perez; Lance StrollRacing Point
66%
Kimi Raikonen; Antonio GiovinazziSauber
48%

Distribuição das Pontuações

Percentil de Números Respondidos

Porcentagem de Pessoas com Cada Pontuação

Sua Pontuação Histórica

Você não jogou esse quiz